00804nam a2200193 i 4500001000700000003000900007005001700016007000300033008004100036100004900077245016300126260007700289300003900366500001800405730001400423852003200437999001900469952012200488102586ES-MaACL20251207150926.0t|051117s1962 sp ||||1| spa d1 aMerino Urrutia, José Juan Bautista.98055313aEl vascuence en la Rioja y Burgos b: con un estudio análitico de la toponimia del Valle de Ojacastro ( Rioja Alta) / cJosé Juan Bautista Merino Urrutia. aSan Sebástian : bBiblioteca Vascongada de los Amigos del Pais,c1962. a106 p., 5 map. pleg.(1) ; c23 cm. a(1) en color.0 a 9242583 aES-MaACLjC-29858 bR.57917 c102586d102586 00104070aATENEOMbATENEOMcDEPO2d2008-01-17eSCl0oC-29858p1107093r2023-02-23 00:00:00w2023-02-23yMONOGRAFIA